000 00289nam a2200121Ia 4500
008 250224s9999 xx 000 0 und d
020 _a9781444119909
082 _a610.73073MAY
100 _aMay Andree
245 0 _aNursing reasearch
942 _cBK
999 _c472363
_d472363